Taylor Swift - Devine la chanson sans indices #23 - Statistiques

Statistiques générales
  • Ce quiz a été pris 407 fois
  • Le résultat moyen est 96 sur 176
Statistiques - réponses
Réponse % Correct
I
99%
you
94%
You
94%
Oh
90%
(oh
90%
Ooh
90%
(ooh)
90%
Ooh,
90%
ooh
90%
the
90%
The
90%
whoa
90%
whoa)
90%
me
84%
be
81%
your
79%
and
74%
is
74%
When
73%
when
73%
on
72%
go
66%
this
64%
can
62%
no
61%
don't
59%
Don't
59%
I'll
54%
said
50%
But
49%
never
49%
one
48%
all
45%
You'll
44%
Just
42%
now
41%
here
40%
out
40%
look
39%
down
37%
let
34%
that's
33%
Come
31%
eyes,
31%
eyes
31%
leave
31%
light
29%
light,
29%
safe
28%
sound
27%
close
26%
going
26%
hurt
26%
our
26%
sun
26%
alright,
24%
alright
24%
gone
24%
gone,
24%
dare
23%
face
23%
remember
23%
alone
22%
those
22%
tears
19%
morning
18%
darling,
16%
window,
16%
even
14%
everything's
14%
fire
14%
dead
13%
Hold
13%
streaming
12%
onto
11%
door
10%
killed
10%
tonight
10%
almost
9%
lullaby
9%
shadows
9%
war
9%
keeps
8%
outside
8%
music's
7%
raging
7%
passed
6%
Aucun quiz correspondant
Distribution des résultats
% des personnes avec chaque résultat
Percentile par nombre de réponses
Votre historique - résultats
Vous n’avez pas pris ce quiz